1139 1675 1963 1492 1065 1153 1682 1409 1189 1573 1607 1834 1191 1505 1691 1783 1303 1239 1058 1584 1753 1448 1729 1054 1497 1226 1571 1585 1408 1867 1881 1930 1105 1449 1901 1288 1771 1088 1594 1418 1770 1195 1705 1103 1870 1212 1618 1935 1310 1888 1417 1864 1913 1687 1095 1597 1750 1206 1571 1567 1279 1191 1921 1621 1509 1442 1685 1114 1258 1103 1907 1220 1491 1109 1736 1503 1457 1912 1821 1609 1041 1256 1357 1323 1172 1970 1126 1734 1616 1680 1521 1366 1878 1355 1811 1028 1015 1579 1655 BCNSPRNW ULIB Ver.6.0+V

เปลี่ยนเป็นภาษาไทย

Change to English
 แสดงรายละเอียดบรรณานุกรม
  กลับหน้าหลัก

Brief Record : Get Marc (ISO 2709) : E-mail record : QR code < ปิดหน้าต่าง
LEADER : 00000nam 2200000uu 4500
001    13399123058
003     ULIB
008    131219s||||||||th 000 0 tha d
020    ^a9749984854
090    ^aนว.^bณ111ล 2549
100 0  ^aฌามิวอาห์
245 00 ^aลานแก้ว...มันตรา/^cฌามิวอาห์
250    ^aพิมพ์ครั้งที่ 1
260    ^aกรุงเทพฯ :^bแจ่มใส^c2549
300    ^a349 หน้า
710 1  ^aแจ่มใส
945    ^p219^l0^i019598
999    ^aเกษร โพธิ์สุวรรณ
รายการนี้ยังไม่มีแท็ก
คุณยังไม่ได้ล็อกอิน คุณสามารถมีกิจกรรมร่วมกับเว็บไซต์ได้ แต่ต้องล็อกอินก่อน ::
  ล็อกอิน

รายการสื่อสารสนเทศ

ลำดับที่ ประเภท เลขเรียก/บาร์โค้ด สถานที่ สถานะ
1. วิทยาศาสตร์การแพทย์ และสุขภาพ
วิทยาศาสตร์การแพทย์ และสุขภาพ
นว. ณ111ล 2549  
  Barcode: 019598
ห้องสมุดวิทยาเขตสวรรค์ประชารักษ์
►หนังสือทั่วไป
บนชั้น

รายการใกล้เคียง
    ผู้แต่ง [ฌามิวอาห์]

BibComment


ยังไม่เคยถูกคอมเมนท์

คอมเมนท์ทรัพยากรรายการนี้
  คอมเมนท์: ลานแก้วมันตรา ฌา..


 Copyright 2026. Bcnsprnw @Library